Body Parts in Latin Quiz Stats

 Plays Quiz Updated Jul 19, 2017

Support Sporcle.
Go Orange.
Score 0/30 Timer 06:00
3 Plays Today
% Correct
Muscle
88.8%
Nose
87.5%
Eye
87%
Finger or Toe
85.1%
Brain
84.1%
Face
79.1%
Breast
78.8%
Tongue
76.8%
Chest
74.3%
Gums
71.8%
Hand
68.4%
Blood
68.1%
Lip
67%
Ear
66.6%
Jaw
58.6%
% Correct
Tooth
57.8%
Heart
55%
Head
52.1%
Skin
51.6%
Foot
50.7%
Eyebrow
42.2%
Arm
42.1%
Knee
41.1%
Neck
37.5%
Throat
31.2%
Ankle
29.6%
Thumb
29.1%
Mouth
27.3%
Elbow
24.3%
Leg
15.4%

You're not logged in!

Compare scores with friends on all Sporcle quizzes.
OR
Log In
Forgot?

From the Vault

Multicolor Paint-By-Numbers II

by sproutcm

Sometimes it's good to just do things by the numbers.
Remove Ads.
Support Sporcle.
Get the best of Sporcle when you Go Orange. This ad-free experience offers more features, more stats, and more fun while also helping to support Sporcle. Thank you for becoming a member.

Show Comments

Extras

Top Quizzes Today


Score Distribution

Your Account Isn't Verified!

In order to create a playlist on Sporcle, you need to verify the email address you used during registration. Go to your Sporcle Settings to finish the process.

Report this User

Report this user for behavior that violates our Community Guidelines.

Details: